000 01318nam a22001815i 4500
999 _c14366
_d14366
003 OSt
005 20260218170104.0
008 240530s2024 mau 000 0 eng
020 _a9783035628920
_q(hardcover)
035 _a23712842
100 1 _aSamuel, Flora,
_eauthor.
245 1 0 _aSacred concrete :
_bthe churches of le corbusier /
_cFlora Samuel, Inge Linder-Gaillard.
263 _a2408
300 _apages cm
520 _a"Le Corbusier not only designed and built churches, but also engaged intensely with religion and faith and, through his oeuvre, had a significant impact on church architecture of the twentieth century. The book explains Le Corbusier's relationship with religion; it introduces his designs for La Sainte-Baume, the Chapel of Notre Dame du Haut de Ronchamp, La Tourette monastery, and the church of St. Pierre, and investigates his impact on the ensuing modern church architecture in Europe. This includes the Jubilee Church by Richard Meier, the Ignatius Chapel by Steven Holl, the Santa Maria Church by Álvaro Siza, TadaoAndo's Meditation Space, and the Chapel of Reconciliation by Reitermann & Sassenroth. For the third edition, the introduction, the conclusion, and the bibliography have been revised and supplemented"--
700 1 _aLinder-Gaillard, Inge,
_eauthor.
942 _2ddc